000 01122 a2200253 4500
005 20260204144047.0
008 260204b |||||||| |||| 00| 0 eng d
020 _a9789355184962 (hbk)
037 _cTB
040 _aCRL
_cCRL
041 _2hin
_ahin
084 _aO152,6N55:g Q2;R4
_qCRL
100 _aतिवारी, अजय
_9860666
245 _aआधुनिकता पर पुनर्विचार
250 _a3 संस्करण
260 _aनयी दिल्ली, भारत:
_bभारतीय ज्ञानपीठ,
_c2024.
300 _a207पृ.
365 _b550.00
_cINR
490 _aलोकोदय ग्रंथमाला: ग्रंथांक 1104
650 _aहिन्दी साहित्य
_91113647
650 _aहिन्दी निबंध
_91113648
942 _cTB
_2CC
_n0
_e3 संस्करण
_hO152,6N55:g Q2;R4
999 _c1466689
_d1466689